000 00538nam a2200205Ia 4500
005 20250508170232.0
008 008 250505s9999 xx 000 0 eng d
020 _a978-81-317-2075-2
037 _aTextBook
040 _aFEDL
_beng
_cFEDL
041 _aeng
_2eng
084 _a371.1, MAH/R
_qFEDL
100 _aMahajan Gourav
_9783564
245 0 _alife skills education
260 _aDelhi, India
_bShipra
_c2022
300 _a157p.
365 _aINR
_b850
942 _cTB
_h371.1, MAH/R
999 _c1399961
_d1399961